Biotechnology in India II
Sparad:
| Huvudupphovsmän: | , |
|---|---|
| Materialtyp: | Bok |
| Språk: | engelska |
| Publicerad: |
Berlín
Springer
2003
|
| Serie: | Advances in Biochemical Engineering-Biotechnology, 85
|
| Ämnen: | |
| Taggar: |
Lägg till en tagg
Inga taggar, Lägg till första taggen!
|
MARC
| LEADER | 00000cam a2200000 a 4500 | ||
|---|---|---|---|
| 001 | UCF4897 | ||
| 003 | CL-VaPUC | ||
| 008 | 130110e20030000GW |||||||||||||||||eng|d | ||
| 020 | |a 3540005633 | ||
| 082 | 0 | 4 | |a 660.60954 |b GHO |2 21 |
| 100 | |a Ghose, Tarun K |e author |9 566585 | ||
| 700 | 0 | |a Ghosh, P |e author |9 566586 | |
| 245 | 1 | 0 | |a Biotechnology in India II |
| 300 | |a 304 p | ||
| 942 | |c BK | ||
| 945 | |d 20130110 00:00:00 |a cmena | ||
| 260 | |a Berlín |b Springer |c 2003 | ||
| 650 | 0 | |a Biotecnología |9 259561 | |
| 651 | 0 | |a India |9 267804 | |
| 583 | |a last modification |c 20130110 11:00:00 |k Rodrigo Vera | ||
| 490 | 0 | |a Advances in Biochemical Engineering-Biotechnology, 85 | |
| 999 | |c 350574 |d 350572 | ||
| 952 | |0 0 |1 0 |4 0 |6 660_609540000000000_GHO_2003 |7 0 |8 A |9 454104 |a BIBING |b BIBING |d 2019-11-22 |i 4942574 |o 660.60954 GHO 2003 |p 4942574 |r 2025-01-20 |w 2019-11-22 |y BK |k EIB | ||